000 00562nam a2200169 4500
005 20260417212638.0
008 -
020 _aISBN 978-9962-8866-2-4
040 _aBiblioteca LadoV Teorética
_cBiblioteca LadoV Teorética
_erda
082 0 4 _a778.609.728.7
_bM986p
100 1 _aMuseo de Arte Contemporáneo Panamá
245 1 8 _a60 + 1 El pequeño gran museo de Ancón /
_cpor Museo de Arte Contemporáneo Panamá
260 1 _aPanamá :
_bMAC,
_c2024
300 _a155 páginas :
_bfotografías a color ;
_c25.5 x 20 cm.
650 4 _aPANAMÁ
942 _2ddc
_c1
_n0
999 _c4644
_d4644